Financial stability report (Record no. 105616)
[ view plain ]
| 000 -LEADER | |
|---|---|
| fixed length control field | 01599cam a2200241 4500 |
| 001 - CONTROL NUMBER | |
| control field | ##L134258 |
| 008 - FIXED-LENGTH DATA ELEMENTS--GENERAL INFORMATION | |
| fixed length control field | 060720n2006 000 0 eng u |
| 035 ## - SYSTEM CONTROL NUMBER | |
| System control number | (Sirsi) u134258 |
| 041 0# - LANGUAGE CODE | |
| Language code of text/sound track or separate title | eng |
| 050 04 - LIBRARY OF CONGRESS CALL NUMBER | |
| Classification number | 332.6324 $2 18 |
| 110 2# - MAIN ENTRY--CORPORATE NAME | |
| Corporate name or jurisdiction name as entry element | Bank of England |
| 9 (RLIN) | 2779 |
| 245 00 - TITLE STATEMENT | |
| Title | Financial stability report |
| 260 ## - PUBLICATION, DISTRIBUTION, ETC. | |
| Date of publication, distribution, etc. | 2006 |
| 490 #0 - SERIES STATEMENT | |
| Series statement | Bank of England Financial Stability Report |
| 505 2# - FORMATTED CONTENTS NOTE | |
| Formatted contents note | Overview -- Shocks to the UK financial system -- Structure of the UK financial system -- Prospects for the UK financial system -- Mitigating risks to the UK financial system -- Other financial stability publications -- Index of charts and tables -- Glossary and other information |
| 520 ## - SUMMARY, ETC. | |
| Summary, etc. | Reports that commercial property is one of the key vulnerabilities of the UK financial system, and could fall in value by 35% over three years if a shock to the UK and global markets came about. Highlights lending as a factor in this vulnerability, mentioning the growth in volumes of lending and the low rates as adding to the accumulation of corporate sector debt. This report, previously known as the "Financial stability review", is published half-yearly and aims to identify the major downside risks to the UK financial system. Graphs and tables. |
| 590 ## - LOCAL NOTE (RLIN) | |
| Local note | IKA010806 |
| 650 24 - SUBJECT ADDED ENTRY--TOPICAL TERM | |
| Topical term or geographic name entry element | BANK OF ENGLAND FINANCIAL STABILITY REPORT |
| 651 #4 - SUBJECT ADDED ENTRY--GEOGRAPHIC NAME | |
| Geographic name | United Kingdom |
| Chronological subdivision | |
| 690 ## - LOCAL SUBJECT ADDED ENTRY--TOPICAL TERM (OCLC, RLIN) | |
| Topical term or geographic name as entry element | PROPERTY-COMMERCIAL PROPERTY-COMMERCIAL PROPERTY FINANCE AND INVESTMENT |
| 856 40 - ELECTRONIC LOCATION AND ACCESS | |
| Uniform Resource Identifier | <a href="https://www.bankofengland.co.uk/publications/fsr/index.htm">https://www.bankofengland.co.uk/publications/fsr/index.htm</a> |
| Public note | View the item free of charge at www.bankofengland.co.uk... |
| 942 ## - ADDED ENTRY ELEMENTS (KOHA) | |
| Suppress in OPAC | 0 |
| Withdrawn status | Lost status | Source of classification or shelving scheme | Damaged status | Not for loan | Home library | Current library | Shelving location | Date acquired | Total Checkouts | Full call number | Barcode | Date last seen | Copy number | Price effective from | Koha item type |
|---|---|---|---|---|---|---|---|---|---|---|---|---|---|---|---|
| Dewey Decimal Classification | Virtual | Virtual | Online | 20/07/2006 | ONLINE PUBLICATION | 134258-1001 | 06/08/2019 | 1 | 06/08/2019 | Book |